Physical survey of Virginia. (Record no. 52436)

MARC details
000 -LEADER
fixed length control field 01199cam a22003011 4500
001 - CONTROL NUMBER
control field rc 01002848
003 - CONTROL NUMBER IDENTIFIER
control field DLC
005 - DATE AND TIME OF LATEST TRANSACTION
control field 20260227111908.0
007 - PHYSICAL DESCRIPTION FIXED FIELD--GENERAL INFORMATION
fixed length control field cr_|||||||||||
008 - FIXED-LENGTH DATA ELEMENTS--GENERAL INFORMATION
fixed length control field 800403s1878 vau 000 0 eng
010 ## - LIBRARY OF CONGRESS CONTROL NUMBER
LC control number rc 01002848
035 ## - SYSTEM CONTROL NUMBER
System control number (OCoLC)6162059
040 ## - CATALOGING SOURCE
Original cataloging agency DLC
Transcribing agency Vi
Modifying agency DLC
042 ## - AUTHENTICATION CODE
Authentication code premarc
050 00 - LIBRARY OF CONGRESS CALL NUMBER
Classification number F231
Item number .M46
100 1# - MAIN ENTRY--PERSONAL NAME
Personal name Maury, Matthew Fontaine,
Dates associated with a name 1806-1873.
245 10 - TITLE STATEMENT
Title Physical survey of Virginia.
Remainder of title Her resources, climate and productions.
Statement of responsibility, etc. Preliminary report. No. II. By M. F. Maury. With notes and additions by his son. July 1, 1877.
260 ## - PUBLICATION, DISTRIBUTION, ETC.
Place of publication, distribution, etc. Richmond,
Name of publisher, distributor, etc. N. V. Randolph,
Date of publication, distribution, etc. 1878.
300 ## - PHYSICAL DESCRIPTION
Extent 142 p., 1 l.
Other physical details col. fold. front.
Dimensions 24 cm.
500 ## - GENERAL NOTE
General note "Published by direction of the Board of Immigration [of Virginia]"
500 ## - GENERAL NOTE
General note "Note" at end signed: Richard L. Maury.
530 ## - ADDITIONAL PHYSICAL FORM AVAILABLE NOTE
Additional physical form available note Also available in digital form on the Internet Archive Web site.
651 #0 - SUBJECT ADDED ENTRY--GEOGRAPHIC NAME
Geographic name Virginia
General subdivision Description and travel.
651 #0 - SUBJECT ADDED ENTRY--GEOGRAPHIC NAME
Geographic name Virginia
General subdivision Economic conditions.
700 1# - ADDED ENTRY--PERSONAL NAME
Personal name Maury, Richard L.
Fuller form of name (Richard Lancelot),
Dates associated with a name 1840-1907,
Relator term ed.
710 1# - ADDED ENTRY--CORPORATE NAME
Corporate name or jurisdiction name as entry element Virginia.
Subordinate unit Department of Immigration,
Relator term pub.
856 41 - ELECTRONIC LOCATION AND ACCESS
Uniform Resource Identifier <a href="http://hdl.loc.gov/loc.gdc/scd0001.00144413921">http://hdl.loc.gov/loc.gdc/scd0001.00144413921</a>

No items available.

Powered by Koha